Performance Management (Record no. 6155)

MARC details
005 - DATE AND TIME OF LATEST TRANSACTION
control field 20250629142320.0
020 ## - INTERNATIONAL STANDARD BOOK NUMBER
International Standard Book Number 978-1-85732-6799
082 ## - DEWEY DECIMAL CLASSIFICATION NUMBER
Classification number 658.1511076 ACC
100 ## - MAIN ENTRY--PERSONAL NAME
Author name ACCA
245 ## - TITLE STATEMENT
Title Performance Management
250 ## - EDITION STATEMENT
Edition statement PAPER F5
260 ## - PUBLICATION, DISTRIBUTION, ETC.
Place of publication, distribution, etc. Britain
Name of publisher, distributor, etc. Kaplan
Date of publication, distribution, etc. 2010
300 ## - PHYSICAL DESCRIPTION
Extent xxiv, 278p.: ill Table
Dimensions 29cm
942 ## - ADDED ENTRY ELEMENTS (KOHA)
Source of classification or shelving scheme Dewey Decimal Classification
Koha item type Books
Holdings
Date last seen Total checkouts Full call number Barcode Cost, replacement price Price effective from Koha item type Lost status Source of classification or shelving scheme Damaged status Not for loan Withdrawn status Home library Current library Shelving location Date acquired Source of acquisition Cost, normal purchase price
06/29/2025   658.1511076 ACC DOM0001165 90000.00 06/28/2025 Books   Dewey Decimal Classification       CBE Dodoma CBE Dodoma General Collection 01/07/2016 Library budget 30000.00
12/19/2025   336.2 ACC MBY000872 90000.00 06/28/2025 Books   Dewey Decimal Classification       CBE MBEYA CBE MBEYA General Collection 06/28/2025 Purchase 30000.00